000 00350 a2200109 4500
001 ART_47969
005 20260410162018.0
008 260409a
245 1 0 _aAcción de petición de herencia
100 1 _aMerlo, Leandro M.
773 0 _tTemas de derecho de familia, sucesiones y bioética
_g- Año 3, N° 11 (nov. 2011)
_wREV41029
999 _c32868
_d32868